Encerrada / (Record no. 456)

000 -CABECERA
fixed length control field 00818nam a22002177a 4500
003 - IDENTIFICADOR DEL NÚMERO DE CONTROL
control field AR-CdUCM
008 - DATOS DE LONGITUD FIJA--INFORMACIÓN GENERAL
fixed length control field 190223b ||||| |||| 00| 0 spa d
040 ## - FUENTE DE LA CATALOGACIÓN
Agencia/entidad que catalogó originalmente la obra MUNICIPALIDAD PROVINCIAL DEL CUSCO
Entidad que transcribió la catalogación BIBLIOTECA MUNICIPAL DEL CUSCO
Convenciones de la descripción 9580412650
082 ## - NÚMERO DE LA CLASIFICACIÓN DECIMAL DEWEY
No. de Clasificación 810 /
Notacion interna SE32
100 ## - ENTRADA PRINCIPAL--NOMBRE DE PERSONA
Nombre Personal Sebestyen, Ouida
245 ## - MENCIÓN DE TÍTULO
Título Encerrada /
Mención de responsabilidad Sebestyen, Ouida ; Cárdenas Nannetti, Jorge ( traductor )
260 ## - PUBLICACIÓN, DISTRIBUCIÓN, ETC.
Lugar de publicación, distribución, etc. Boston :
Nombre de la editorial, distribuidor, etc. Brown and company,
Fecha de publicación, distribución, etc. 1988.
300 ## - DESCRIPCIÓN FÍSICA
Nº de Páginas Extensión 229 paginas ;
Dimensiones 23cm.
505 ## - NOTA DE CONTENIDO CON FORMATO
Nota de contenido formateada Al que encuentre esta nota -- HCM -- Querida señorita -- Queridos papa y mama -- Querida señorita -- Esta carta es para abril....
650 ## - PUNTO DE ACCESO ADICIONAL DE MATERIA--TÉRMINO DE MATERIA
Descriptor Estados Unidos
9 (RLIN) 1805
650 ## - PUNTO DE ACCESO ADICIONAL DE MATERIA--TÉRMINO DE MATERIA
Descriptor Texto Prolongado
9 (RLIN) 1806
700 ## - PUNTO DE ACCESO ADICIONAL--NOMBRE DE PERSONA
Nombre Personal Cárdenas Nannetti, Jorge
9 (RLIN) 1807
942 ## - ELEMENTOS DE PUNTO DE ACCESO ADICIONAL (KOHA)
Fuente de clasificación
Tipo de item Libros-BMC
945 ## - PROCESAMIENTO DE INFORMACIÓN LOCAL (OCLC)
Catalogador pjha
AAAA-MM-DD - Fecha de ingreso o modificacion 2019-01-23
Holdings
Estado de retiro (separado) Fuente de clasificación o esquema de estanterías Estado dañado Ubicación Sala donde se ubica Nombre de la colección Fecha de adquisición o compra Costo, precio normal en soles Signatura topográfica Código de Barras Última vez visto (Koha) Tipo de ítem (Koha)
No     Sala Humanidades Sala Humanidades Book Cart 2019-02-23 25.00 810 / SE32 SH0000000564 2019-02-23 Libros-BMC

Powered by Koha